[Event "VIE-ch U15 Girls"]
[Site "Ho Chi Minh City"]
[Date "2014.07.13"]
[Round "1"]
[White "Vo, Ngoc Phuong Trang"]
[Black "Le, Thai Hang"]
[Result "1-0"]
[WhiteElo "1890"]
[BlackElo "1906"]
[PlyCount "65"]
[EventDate "2014.07.13"]
[EventType "swiss"]
[EventRounds "9"]
[EventCountry "VIE"]
[SourceTitle "EXT 2016"]
[Source "ChessBase"]
[SourceDate "2015.10.08"]
[SourceVersion "1"]
[SourceVersionDate "2015.10.08"]
[SourceQuality "1"]

1. e4 c5 2. Nf3 Nc6 3. d4 cxd4 4. Nxd4 Nf6 5. Nc3 e5 6. Nxc6 bxc6 7. Bd3 Bb4 8. Bd2 0-0 9. 0-0 d5 10. Qe1 Bd6 11. Bg5 Bb7 12. Kh1 h6 13. Bh4 Re8 14. f3 Be7 15. Ne2 a6 16. Ng3 Nxe4 17. Bxe7 Nxg3+ 18. Qxg3 Qxe7 19. Rae1 Qg5 20. Qf2 Qd8 21. c4 a5 22. b3 Ba6 23. Rd1 d4 24. Be4 Qd7 25. f4 exf4 26. Qxf4 Rad8 27. Bf5 Qd6 28. Qf2 Re7 29. Bd3 c5 30. Rde1 Rxe1 31. Qxf7+ Kh8 32. Rxe1 Rf8 33. Re8 1-0